| 000 | 00512nam a2200205Ia 4500 | ||
|---|---|---|---|
| 003 | 0100 | ||
| 008 | 130303s9999 xx 000 0 und d | ||
| 020 | _a0521477190 | ||
| 040 | _cARRUPELIB | ||
| 050 | _aB4377.B29 1997 | ||
| 245 | 4 | _aThe Cambridge companion to Kierkegaard | |
| 260 | _aCambridge | ||
| 260 | _bCambridge University Press | ||
| 260 | _C1997 | ||
| 300 | _axiii | ||
| 300 | _b 428p. 24cm | ||
| 650 | _aPHILOSOPHY | ||
| 700 | _aHannay, Alastair and Marino, Gordon D. (ed.) | ||
| 942 | 0 | 0 | _03 |
| 999 |
_c13115 _d13115 |
||